00330 2200133 4500245006500000020001800065100001900083650001300102005001900115260002900134041001400163084001000177336000900187 aSukses dalam Hidup , Sukses dalam JiwacHill, NapoleonhText a979-3358-33-5 aHill, Napoleon aMotivasi a20230221084917 bIntimedia Ciptanusantara aIndonesia a153.8 atext